000 01066nam a2200277 i 4500
001 5552
003 ES-MaACL
005 20250806064054.0
007 t|
008 881111s1982 sp ||||1| spa d
020 _a84-313-0736-6
080 _a633.88
100 1 _aFernández, Margarita.
_949404
245 1 0 _aPlantas medicinales /
_cMargarita Fernández, Ana Nieto ; coordinador, Felix Alvarez de la Vega.
260 _a[S.l.] :
_bConsejo General de Colegios Oficiales de Farmaceuticos ; Pamplona : Ediciones Universidad de Navarra,
_cD.L.1982.
300 _a255 p. :
_bil. ;
_c18 cm.
490 1 _aBiblioteca NT Ciencias experimentales ;
_v4
500 _aBibliografia. Indice.
650 1 7 _aPlantas medicinales
_2embne
_916118
700 1 _aNieto, Ana.
_985651
700 1 _aAlvarez de la Vega, Félix.
_920762
700 2 _aConsejo General de Colegios Oficiales de Farmacéuticos (España)
_9194824
830 0 _aBiblioteca NT Ciencias experimentales ;
_v4
_9227704
852 _aES-MaACL
_jL-12238
_bR.115379
_z. - Rust.
999 _c5552
_d5552